| 000 | 00589nam a2200217Ii 4500 | ||
|---|---|---|---|
| 001 | 14422 | ||
| 003 | CO-ViMGA | ||
| 008 | 241108s9999||||xx |||||||||||||| ||und|| | ||
| 020 | _a9789584512291 | ||
| 040 |
_aCO-ViMGA _bspa _erda _cCO-ViMGA |
||
| 041 | 0 | _aspa | |
| 082 | 0 | 4 | _a923.254 G15t |
| 100 | 1 |
_aLara Toro _949455 |
|
| 245 | 1 | 0 | _aMe llamo Gandhi |
| 264 | 1 | _aBogotá, Colombia : Norma, 2008 | |
| 300 | _avolumen | ||
| 336 |
_atext _btxt _2rdacontent |
||
| 337 |
_aunmediated _bn _2rdamedia |
||
| 338 |
_avolume _bnc _2rdacarrier |
||
| 940 | _aidficha_siabuc: 14115. -- ficha_no_siabuc:14422 | ||
| 999 |
_c44121 _d44121 |
||